Kỹ thuật trồng các giống lạc, đậu đỗ, rau quả và cây ăn củ mới
Сохранить в:
| Главный автор: | |
|---|---|
| Формат: | |
| Язык: | Undetermined |
| Опубликовано: |
Hà Nội
Nông Nghiệp
2000
|
| Предметы: | |
| Метки: |
Добавить метку
Нет меток, Требуется 1-ая метка записи!
|
| Thư viện lưu trữ: | Trung tâm Học liệu Trường Đại học Cần Thơ |
|---|
| LEADER | 00531nam a2200169Ia 4500 | ||
|---|---|---|---|
| 001 | CTU_40644 | ||
| 008 | 210402s9999 xx 000 0 und d | ||
| 082 | |a 635 | ||
| 082 | |b Đ302k | ||
| 100 | |a Trương Đích | ||
| 245 | 0 | |a Kỹ thuật trồng các giống lạc, đậu đỗ, rau quả và cây ăn củ mới | |
| 245 | 0 | |c Trương Đích | |
| 260 | |a Hà Nội | ||
| 260 | |b Nông Nghiệp | ||
| 260 | |c 2000 | ||
| 650 | |a horticulture | ||
| 980 | |a Trung tâm Học liệu Trường Đại học Cần Thơ | ||